=LDR 00000nam 2200000 4500 =001 INLIS000000000017265 =005 20130612112446 =008 ***********************************ind** =035 ##$$0010-061300000017265 =041 ##$$a ind =082 ##$$a 697 =090 ##$$a 697, Tan u =100 ##$$a TAHGORO, Dwi =245 ##$$a Utilitas bangunan, Dwi Tangoro =260 ##$$a 1999 $b Jakarta =300 ##$$a vii, 161 hlm, ilus, 21 cm =650 ##$$a BANGUNAN - UTILITAS =850 ##$$a NBPNMAT